[Event "SVK-chT2B 2425"]
[Site "Slovakia"]
[Date "2024.11.30"]
[Round "3.5"]
[White "Merva, Frantisek"]
[Black "Ribaric, Martin"]
[Result "1-0"]
[WhiteElo "1995"]
[BlackElo "1757"]
[PlyCount "87"]
[EventDate "2024.11.09"]
[EventType "team-tourn"]
[EventRounds "11"]
[EventCountry "SVK"]
[SourceTitle "CB51_2024"]
[SourceDate "2024.12.18"]
[SourceVersion "1"]
[SourceVersionDate "2024.12.18"]
[SourceQuality "1"]
[WhiteTeam "Ziharec"]
[BlackTeam "Topolcianky"]
[WhiteTeamCountry "SLO"]
[BlackTeamCountry "SVK"]

1. e4 c5 2. a3 g6 3. Bc4 Bg7 4. Nf3 Nc6 5. 0-0 Nf6 6. Nc3 0-0 7. d3 d6 8. h3 Bd7 9. Be3 Qc8 10. Re1 a6 11. Ba2 Nd4 12. Nxd4 cxd4 13. Bxd4 e5 14. Bb6 Bxh3 15. gxh3 Qxh3 16. Re3 Qh4 17. Rg3 Bh6 18. Nd5 Bf4 19. Rg2 h5 20. Nxf4 exf4 21. Bd4 Ng4 22. Bd5 Rac8 23. c3 Qh3 24. f3 Ne5 25. Bxe5 dxe5 26. Qf1 Kh7 27. Bxb7 Rc7 28. Bxa6 Rb8 29. Bc4 Rcb7 30. b4 Rg8 31. a4 g5 32. Rh2 Qg3+ 33. Qg2 h4 34. a5 Rg6 35. a6 Ra7 36. b5 Rh6 37. Rh3 Qxg2+ 38. Kxg2 Kg7 39. Bd5 Kf8 40. c4 Rb6 41. Rhh1 Ke7 42. Rhc1 f5 43. exf5 Rh6 44. c5 1-0

[Event "SVK-chT2B 2425"]
[Site "Slovakia"]
[Date "2024.11.09"]
[Round "1.5"]
[White "Merva, Frantisek"]
[Black "Kutny, Marian"]
[Result "0-1"]
[WhiteElo "1995"]
[BlackElo "1971"]
[PlyCount "54"]
[EventDate "2024.11.09"]
[EventType "team-tourn"]
[EventRounds "11"]
[EventCountry "SVK"]
[SourceTitle "CB51_2024"]
[SourceDate "2024.12.18"]
[SourceVersion "1"]
[SourceVersionDate "2024.12.18"]
[SourceQuality "1"]
[WhiteTeam "Ziharec"]
[BlackTeam "Belusa"]
[WhiteTeamCountry "SLO"]
[BlackTeamCountry "SVK"]

1. e4 c6 2. d3 d5 3. Nd2 e5 4. Ngf3 Bd6 5. d4 exd4 6. exd5 cxd5 7. Nxd4 Nf6 8. Be2 0-0 9. 0-0 Nc6 10. N2f3 h6 11. c3 Bg4 12. h3 Bh5 13. Nxc6 bxc6 14. Nd4 Bxe2 15. Qxe2 Re8 16. Qf3 Rc8 17. Nf5 Re4 18. Be3 Bb8 19. Bd4 Rf4 20. Qd3 Qd7 21. g4 Nxg4 22. hxg4 Rxg4+ 23. Ng3 c5 24. Be3 Bxg3 25. fxg3 Rxg3+ 26. Kf2 Qh3 27. Qd2 Re8 0-1

[Event "Tatry op"]
[Site "Tatranske Matliare"]
[Date "2024.05.31"]
[Round "8"]
[White "Merva, Frantisek"]
[Black "Kolesar, Peter"]
[Result "1-0"]
[WhiteElo "1967"]
[BlackElo "1947"]
[PlyCount "101"]
[EventDate "2024.05.25"]
[EventType "swiss"]
[EventRounds "9"]
[EventCountry "SVK"]
[SourceTitle "CBM 220 Extra"]
[Source "ChessBase"]
[SourceDate "2024.07.31"]
[SourceVersion "1"]
[SourceVersionDate "2024.07.31"]
[SourceQuality "1"]

1. e4 c5 2. a3 g6 3. Bc4 Bg7 4. h4 e6 5. Nc3 a6 6. d3 h6 7. h5 g5 8. f4 Qc7 9. Qf3 f6 10. e5 fxe5 11. fxg5 d5 12. Ba2 Qf7 13. g6 Qxf3 14. Nxf3 Nc6 15. Bd2 Nd4 16. Nxd4 exd4 17. Na4 Ne7 18. Nxc5 b6 19. Na4 Rb8 20. Rf1 Rf8 21. Rxf8+ Bxf8 22. Bf4 Rb7 23. 0-0-0 Bg7 24. Re1 Bd7 25. Bb3 Bxa4 26. Bxa4+ b5 27. Bb3 Kd7 28. g4 Ra7 29. Rf1 Ke8 30. c3 dxc3 31. bxc3 Ng8 32. Kd2 Nf6 33. Bd1 Rd7 34. g5 Ng8 35. Bg4 Ke7 36. Re1 hxg5 37. Rxe6+ Kd8 38. Bxg5+ Kc7 39. Rxa6 Kb7 40. Bxd7 Kxa6 41. Be6 Nh6 42. d4 Kb6 43. Be7 Kc6 44. Ke3 Kc7 45. Kf4 Kc6 46. Kg5 Kc7 47. Bf6 Bf8 48. g7 Bxg7 49. Bxg7 Kd6 50. Kxh6 Kxe6 51. Kg6 1-0

[Event "SVK-chT2B 2324"]
[Site "Slovakia"]
[Date "2023.12.02"]
[Round "5.8"]
[White "Cervenka, Peter"]
[Black "Merva, Frantisek"]
[Result "0-1"]
[WhiteElo "1742"]
[BlackElo "1931"]
[PlyCount "102"]
[EventDate "2023.10.07"]
[EventType "team-tourn"]
[EventRounds "11"]
[EventCountry "SVK"]
[SourceTitle "EXT 2025"]
[Source "ChessBase"]
[SourceDate "2024.10.14"]
[SourceVersion "1"]
[SourceVersionDate "2024.10.14"]
[SourceQuality "1"]
[WhiteTeam "Surany"]
[BlackTeam "Ziharec"]
[WhiteTeamCountry "SVK"]
[BlackTeamCountry "SLO"]

1. e4 e5 2. Nf3 Nc6 3. Bc4 Bc5 4. c3 Nf6 5. d3 d6 6. 0-0 Bb6 7. h3 h6 8. Re1 Qe7 9. b4 g5 10. Nh2 Rg8 11. Be3 g4 12. h4 g3 13. fxg3 Rxg3 14. Bxb6 axb6 15. Rf1 Be6 16. Bxe6 Qxe6 17. Qe2 Ke7 18. Rf3 Rxf3 19. Nxf3 Nh5 20. b5 Nf4 21. Qf1 Nd8 22. d4 exd4 23. Nxd4 Qxe4 24. Nd2 Qe3+ 25. Qf2 Qxf2+ 26. Kxf2 Kf6 27. g3 Nd3+ 28. Ke3 Ne5 29. Ne4+ Kg6 30. Rf1 Rxa2 31. Rf6+ Kh7 32. Rf4 Nc4+ 33. Kf3 Nd2+ 34. Kg4 Nxe4 35. Rxe4 c5 36. Nf5 d5 37. Re8 Ne6 38. Re7 Ra4+ 39. Kh3 Ra3 40. Nd6 Rxc3 41. Rxf7+ Kg6 42. Rf2 Nd4 43. Nc8 Nf5 44. Kh2 d4 45. Nxb6 Ne3 46. Kh3 Nf5 47. Kh2 d3 48. Nd5 Rc4 49. Rxf5 Rc2+ 50. Kh3 Kxf5 51. Ne3+ Ke4 0-1

[Event "SVK-ch Amateurs"]
[Site "Radava"]
[Date "2022.11.15"]
[Round "3"]
[White "Chlpik, Martin"]
[Black "Merva, Frantisek"]
[Result "1-0"]
[WhiteElo "2243"]
[BlackElo "1990"]
[PlyCount "71"]
[EventDate "2022.11.14"]
[EventType "swiss"]
[EventRounds "8"]
[EventCountry "SVK"]
[SourceTitle "CBM 211 Extra"]
[Source "ChessBase"]
[SourceDate "2023.01.31"]
[SourceVersion "1"]
[SourceVersionDate "2023.01.31"]
[SourceQuality "1"]

1. c4 Nf6 2. Nc3 d6 3. e3 g6 4. g3 Bg7 5. Bg2 0-0 6. Nge2 Nc6 7. h3 Bf5 8. e4 Bd7 9. d4 e5 10. Be3 exd4 11. Nxd4 Re8 12. 0-0 Nxd4 13. Bxd4 c5 14. Be3 Bc6 15. Qd3 Qb6 16. Rab1 Qc7 17. Rbd1 b6 18. Bf4 Qb7 19. Rfe1 Re6 20. Qc2 Rae8 21. Rxd6 Nxe4 22. Rxe6 Rxe6 23. Rxe4 Bxe4 24. Bxe4 Qa6 25. Bd5 Re8 26. a3 Qc8 27. Ne4 Rf8 28. Bd6 Qxh3 29. Bxf8 Kxf8 30. Qe2 Bd4 31. Bxf7 Kg7 32. Bd5 h5 33. Qf3 h4 34. Qf7+ Kh6 35. Qf8+ Bg7 36. Qf4+ 1-0

[Event "Bratislava Slovakia op"]
[Site "Bratislava"]
[Date "2022.10.01"]
[Round "7"]
[White "Merva, Frantisek"]
[Black "Kraus, Tomas"]
[Result "0-1"]
[WhiteElo "1981"]
[BlackElo "2479"]
[PlyCount "41"]
[EventDate "2022.09.30"]
[EventType "swiss (rapid)"]
[EventRounds "9"]
[EventCountry "SVK"]
[SourceTitle "CBM 210 Extra"]
[Source "ChessBase"]
[SourceDate "2022.11.30"]
[SourceVersion "1"]
[SourceVersionDate "2022.11.30"]
[SourceQuality "1"]

1. d4 d5 2. Nf3 Nf6 3. Bf4 c5 4. e3 Nc6 5. c3 Qb6 6. Qc1 Bf5 7. h3 Rc8 8. Nbd2 cxd4 9. exd4 Nb4 10. Be2 Nc2+ 11. Kf1 Nxa1 12. Qxa1 e6 13. g3 Bd6 14. Be5 Bxe5 15. Nxe5 h6 16. Kg2 0-0 17. Re1 Rc7 18. h4 Ne4 19. Nxe4 Bxe4+ 20. Kg1 f6 21. Nd3 0-1

[Event "Bratislava Slovakia op"]
[Site "Bratislava"]
[Date "2022.09.30"]
[Round "3"]
[White "Merva, Frantisek"]
[Black "Csontos, Aron"]
[Result "1/2-1/2"]
[WhiteElo "1981"]
[BlackElo "1962"]
[PlyCount "104"]
[EventDate "2022.09.30"]
[EventType "swiss (rapid)"]
[EventRounds "9"]
[EventCountry "SVK"]
[SourceTitle "CBM 210 Extra"]
[Source "ChessBase"]
[SourceDate "2022.11.30"]
[SourceVersion "1"]
[SourceVersionDate "2022.11.30"]
[SourceQuality "1"]

1. d4 Nf6 2. Nf3 d5 3. e3 c5 4. c3 e6 5. Bd3 Nc6 6. 0-0 Bd6 7. Nbd2 0-0 8. dxc5 Bxc5 9. b4 Bd6 10. Bb2 a6 11. a3 e5 12. e4 Bg4 13. exd5 Nxd5 14. Ne4 Be7 15. Bc2 Nf4 16. Qxd8 Raxd8 17. Rfe1 Bxf3 18. gxf3 f5 19. Ng3 Rd2 20. Bb3+ Kh8 21. Bc1 Rd3 22. Re3 g6 23. Rxd3 Nxd3 24. Bh6 Rd8 25. Rd1 Nf4 26. Rxd8+ Bxd8 27. Bxf4 exf4 28. Ne2 Bf6 29. Kf1 Kg7 30. Bd5 Kf8 31. a4 Ke7 32. Ke1 Kd6 33. Bxc6 Kxc6 34. Kd2 b5 35. axb5+ axb5 36. Kd3 g5 37. c4 bxc4+ 38. Kxc4 h5 39. Nc1 g4 40. Nd3 h4 41. b5+ Kd6 42. Nxf4 Be5 43. Ng6 Bxh2 44. Nxh4 Ke5 45. fxg4 fxg4 46. Kd3 g3 47. f3 Bg1 48. Ke2 Kd5 49. Kf1 Bd4 50. Kg2 Be5 51. Ng6 Bd6 52. f4 Bxf4 1/2-1/2

[Event "SVK-chT1W 1920"]
[Site "Slovakia"]
[Date "2019.12.07"]
[Round "5.3"]
[White "Merva, Frantisek"]
[Black "Borhy, Marcell Boldizsar"]
[Result "0-1"]
[WhiteElo "2042"]
[BlackElo "2213"]
[PlyCount "24"]
[EventDate "2019.10.12"]
[EventType "team-tourn"]
[EventRounds "11"]
[EventCountry "SVK"]
[SourceTitle "CBM 193 Extra"]
[Source "ChessBase"]
[SourceDate "2020.01.31"]
[SourceVersion "1"]
[SourceVersionDate "2020.01.31"]
[SourceQuality "1"]
[WhiteTeam "Orechova Poton"]
[BlackTeam "Gabcikovo MSK"]
[WhiteTeamCountry "SVK"]
[BlackTeamCountry "SVK"]

1. d4 d5 2. Nf3 Nf6 3. e3 e6 4. Bd3 Nbd7 5. 0-0 Bd6 6. Nbd2 0-0 7. Qe2 Re8 8. e4 e5 9. exd5 e4 10. Nxe4 Nxe4 11. Bxe4 f5 12. Ng5 Nf6 0-1

[Event "SVK-chT1W 1920"]
[Site "Slovakia"]
[Date "2019.11.10"]
[Round "4.1"]
[White "Janko, Michal"]
[Black "Merva, Frantisek"]
[Result "1-0"]
[WhiteElo "2277"]
[BlackElo "2042"]
[PlyCount "83"]
[EventDate "2019.10.12"]
[EventType "team-tourn"]
[EventRounds "11"]
[EventCountry "SVK"]
[SourceTitle "CBM 193 Extra"]
[Source "ChessBase"]
[SourceDate "2020.01.31"]
[SourceVersion "1"]
[SourceVersionDate "2020.01.31"]
[SourceQuality "1"]
[WhiteTeam "Bratislava Lokomotiva"]
[BlackTeam "Orechova Poton"]
[WhiteTeamCountry "SVK"]
[BlackTeamCountry "SVK"]

1. d4 d5 2. c4 c6 3. Nc3 Nf6 4. Nf3 e6 5. e3 Be7 6. Bd3 dxc4 7. Bxc4 b5 8. Bd3 a6 9. e4 c5 10. dxc5 Bxc5 11. e5 Nd5 12. Nxd5 exd5 13. 0-0 Bg4 14. a4 b4 15. h3 Bh5 16. Qc2 Nd7 17. Ng5 Be7 18. e6 Ne5 19. exf7+ Bxf7 20. Nxf7 Kxf7 21. Be2 Qd6 22. Bf4 Bf6 23. Rad1 Rac8 24. Qb3 Rhd8 25. Rd4 a5 26. Rfd1 Rc5 27. Bxe5 Bxe5 28. Rxd5 Rxd5 29. Bc4 h6 30. Bxd5+ Kf8 31. g3 Qf6 32. f4 Bd4+ 33. Kg2 Bb6 34. Re1 Qd6 35. Bf3 Qd2+ 36. Re2 Qd4 37. Re1 g5 38. Qe6 gxf4 39. Qxh6+ Kg8 40. Qg5+ Kh7 41. Be4+ Kh8 42. Qxf4 1-0

[Event "SVK-chT3A2 1819"]
[Site "Slovakia"]
[Date "2018.11.25"]
[Round "4.2"]
[White "Liptak, Tomas"]
[Black "Merva, Frantisek"]
[Result "1-0"]
[WhiteElo "2210"]
[BlackElo "2094"]
[PlyCount "153"]
[EventDate "2018.10.07"]
[EventType "team-tourn"]
[EventRounds "11"]
[EventCountry "SVK"]
[SourceTitle "EXT 2020"]
[Source "ChessBase"]
[SourceDate "2019.10.17"]
[SourceVersion "1"]
[SourceVersionDate "2019.10.17"]
[SourceQuality "1"]
[WhiteTeam "Cifer"]
[BlackTeam "Potonska Veza II"]
[WhiteTeamCountry "SVK"]
[BlackTeamCountry "SVK"]

1. e4 e5 2. Nf3 Nc6 3. Bb5 a6 4. Ba4 Nf6 5. 0-0 b5 6. Bb3 Be7 7. Re1 0-0 8. h3 d6 9. c3 Bb7 10. d4 Nb8 11. Nbd2 Nbd7 12. Bc2 Re8 13. Nf1 Bf8 14. Ng3 g6 15. Bd3 c5 16. b3 Qc7 17. d5 c4 18. bxc4 bxc4 19. Bf1 Qa5 20. Qc2 Rec8 21. Rb1 Rab8 22. Bd2 Ba8 23. Rxb8 Nxb8 24. Rb1 Nbd7 25. Rb4 Nb6 26. Qb2 Nfd7 27. Be3 Nxd5 28. exd5 Bxd5 29. Nd2 Be6 30. Nxc4 Qd5 31. a3 Qc6 32. Nb6 Nxb6 33. Rxb6 Qxc3 34. Qxc3 Rxc3 35. Rxa6 d5 36. a4 Kg7 37. Bb5 d4 38. Bd2 Rc2 39. Nf1 e4 40. Rc6 Ra2 41. Bc4 Rxa4 42. Bxe6 fxe6 43. Rxe6 e3 44. fxe3 dxe3 45. Bxe3 Kf7 46. Rb6 Bg7 47. Rb7+ Kg8 48. Rd7 Ra2 49. Nd2 Ra8 50. Kf2 Rf8+ 51. Ke2 Ra8 52. Ne4 Re8 53. Kd3 Ra8 54. Nd6 Rf8 55. Ke4 Ra8 56. g4 Rf8 57. Bg5 Ra8 58. Kf4 Rf8+ 59. Ke4 Ra8 60. Bd8 Ra3 61. h4 Ra4+ 62. Kf3 Ra8 63. Ne8 Ra3+ 64. Ke2 Ra2+ 65. Kd3 Ra3+ 66. Kc2 Be5 67. Nf6+ Bxf6 68. Bxf6 Ra4 69. Bd4 Ra2+ 70. Kd3 Rg2 71. g5 Rg3+ 72. Ke2 Rg4 73. Bf2 Ra4 74. Bd4 Rc4 75. Ke3 Ra4 76. Rg7+ Kf8 77. Rxh7 1-0

[Event "SVK-chT1W 1819"]
[Site "Slovakia"]
[Date "2018.10.27"]
[Round "1.8"]
[White "Hacik, Radomir"]
[Black "Merva, Frantisek"]
[Result "1-0"]
[WhiteElo "2139"]
[BlackElo "2088"]
[PlyCount "53"]
[EventDate "2018.10.27"]
[EventType "team-tourn"]
[EventRounds "11"]
[EventCountry "SVK"]
[SourceTitle "CBM 187 Extra"]
[Source "ChessBase"]
[SourceDate "2018.11.04"]
[SourceVersion "1"]
[SourceVersionDate "2018.11.04"]
[SourceQuality "1"]
[WhiteTeam "Bratislava Slovan III"]
[BlackTeam "Dunajska Streda"]
[WhiteTeamCountry "SVK"]
[BlackTeamCountry "SVK"]

1. e4 e5 2. Nf3 Nc6 3. Bb5 a6 4. Ba4 Nf6 5. 0-0 Be7 6. Re1 b5 7. Bb3 0-0 8. Nc3 d6 9. Nd5 Na5 10. Nxe7+ Qxe7 11. h3 Nxb3 12. axb3 c5 13. c3 h6 14. d4 cxd4 15. cxd4 Bb7 16. d5 Nd7 17. b4 f5 18. Nd2 fxe4 19. Nxe4 Nf6 20. Ra3 Nxe4 21. Rxe4 Qf7 22. Re2 Bxd5 23. Rg3 Kh8 24. Rd2 Bb7 25. Rxd6 Qxf2+ 26. Kh2 Qf7 27. Bxh6 1-0

[Event "SVK-chT3A2 1718"]
[Site "Slovakia"]
[Date "2018.03.25"]
[Round "11.2"]
[White "Merva, Frantisek"]
[Black "Jakubec, Milan"]
[Result "0-1"]
[WhiteElo "2069"]
[BlackElo "2079"]
[PlyCount "122"]
[EventDate "2017.10.08"]
[EventType "team-tourn"]
[EventRounds "11"]
[EventCountry "SVK"]
[SourceTitle "EXT 2020"]
[Source "ChessBase"]
[SourceDate "2019.10.17"]
[SourceVersion "1"]
[SourceVersionDate "2019.10.17"]
[SourceQuality "1"]
[WhiteTeam "Potonska Veza II"]
[BlackTeam "Holic"]
[WhiteTeamCountry "SVK"]
[BlackTeamCountry "SVK"]

1. d4 d5 2. c4 e6 3. Nc3 Nf6 4. cxd5 exd5 5. Bg5 Be7 6. e3 0-0 7. Qc2 Nbd7 8. Bd3 h6 9. Bf4 c6 10. Nge2 Re8 11. g4 Nf8 12. g5 hxg5 13. Bxg5 Ne4 14. Bf4 Nxc3 15. Nxc3 Bd6 16. Bg3 Bg4 17. Rg1 Bh5 18. Ne2 Bb4+ 19. Kf1 Bg6 20. Be5 Bd6 21. Bxd6 Qxd6 22. Nf4 Be4 23. Rg3 g6 24. f3 Bxd3+ 25. Qxd3 Qe7 26. Re1 Rad8 27. Re2 Rd6 28. b4 Ne6 29. Ng2 Ng7 30. Nf4 Rf6 31. Kf2 Qxb4 32. h4 Qd6 33. h5 gxh5 34. Nxh5 Rg6 35. Rxg6 fxg6 36. Nf4 g5 37. Ng2 Rf8 38. f4 Nh5 39. Ke1 gxf4 40. exf4 Ng7 41. Re5 Qf6 42. Qg3 Kf7 43. Qh3 Re8 44. Kf1 Rxe5 45. dxe5 Qf5 46. Qh6 Ne6 47. Kg1 d4 48. Kf2 c5 49. Kf3 c4 50. Qf6+ Qxf6 51. exf6 Nc5 52. Ne1 Kxf6 53. Nc2 d3 54. Ne3 b5 55. Nd5+ Kf7 56. Ke3 a6 57. f5 a5 58. Kd4 d2 59. Nc3 Na4 60. a3 Nb2 61. a4 Nxa4 0-1

[Event "SVK-chT3A2 1718"]
[Site "Slovakia"]
[Date "2018.01.21"]
[Round "8.4"]
[White "Bango, Lukas"]
[Black "Merva, Frantisek"]
[Result "0-1"]
[WhiteElo "2111"]
[BlackElo "2069"]
[PlyCount "100"]
[EventDate "2017.10.08"]
[EventType "team-tourn"]
[EventRounds "11"]
[EventCountry "SVK"]
[SourceTitle "EXT 2020"]
[Source "ChessBase"]
[SourceDate "2019.10.17"]
[SourceVersion "1"]
[SourceVersionDate "2019.10.17"]
[SourceQuality "1"]
[WhiteTeam "Modranka Komplet"]
[BlackTeam "Potonska Veza II"]
[WhiteTeamCountry "SVK"]
[BlackTeamCountry "SVK"]

1. d4 d5 2. Nc3 Nf6 3. Bg5 c6 4. Nf3 Bf5 5. e3 Nbd7 6. Bd3 e6 7. Bxf5 exf5 8. Qd3 g6 9. Ne5 Qc7 10. Nxd7 Nxd7 11. h4 Bb4 12. 0-0-0 Qa5 13. Kb1 Bxc3 14. Qxc3 Qxc3 15. bxc3 f6 16. Bf4 Nb6 17. f3 Nc4 18. Rhe1 Kf7 19. e4 fxe4 20. fxe4 dxe4 21. Rxe4 Rhe8 22. Rde1 Rxe4 23. Rxe4 Re8 24. Rxe8 Kxe8 25. Kc1 Kd7 26. Kd1 Ke6 27. Ke2 Kd5 28. Bc1 Ke4 29. g3 b5 30. a3 Nb6 31. Bd2 Nd5 32. Be1 f5 33. Bd2 f4 34. gxf4 Nxf4+ 35. Kf2 Nd5 36. Ke2 Ne7 37. Kf2 Nf5 38. Bg5 a6 39. Ke2 h6 40. Bd2 Nxh4 41. Bxh6 Nf3 42. Bf8 g5 43. Be7 g4 44. Kf2 Nd2 45. Bb4 Nc4 46. Kg3 Kf5 47. Kf2 Kf4 48. Bf8 g3+ 49. Ke2 Kg4 50. Bh6 Nxa3 0-1

[Event "SVK-chT3A2 1718"]
[Site "Slovakia"]
[Date "2017.11.05"]
[Round "3.6"]
[White "Merva, Frantisek"]
[Black "Racik, Marek"]
[Result "1-0"]
[WhiteElo "2069"]
[BlackElo "1838"]
[PlyCount "65"]
[EventDate "2017.10.08"]
[EventType "team-tourn"]
[EventRounds "11"]
[EventCountry "SVK"]
[SourceTitle "EXT 2020"]
[Source "ChessBase"]
[SourceDate "2019.10.17"]
[SourceVersion "1"]
[SourceVersionDate "2019.10.17"]
[SourceQuality "1"]
[WhiteTeam "Potonska Veza II"]
[BlackTeam "Hlohovec"]
[WhiteTeamCountry "SVK"]
[BlackTeamCountry "SVK"]

1. d4 Nf6 2. c4 e6 3. Nc3 d5 4. cxd5 exd5 5. Bg5 Be7 6. Qc2 Nc6 7. e3 a6 8. a3 0-0 9. Bd3 h6 10. Bh4 Be6 11. Nge2 Ne8 12. Bg3 Bd6 13. f3 Rc8 14. 0-0 Nf6 15. Bf2 Ne7 16. e4 dxe4 17. fxe4 Ng4 18. e5 Nd5 19. Nxd5 Bxd5 20. exd6 Qg5 21. h4 Qd8 22. Bh7+ Kh8 23. Bf5 Be6 24. Bxg4 Bxg4 25. dxc7 Rxc7 26. Nc3 b5 27. Qe4 Qd7 28. Rae1 Bf5 29. Qf4 Bd3 30. Bg3 Bxf1 31. Qxc7 Qxd4+ 32. Kxf1 Qd3+ 33. Kg1 1-0

[Event "SVK-chT2A 1718"]
[Site "Slovakia"]
[Date "2017.10.29"]
[Round "2.7"]
[White "Merva, Frantisek"]
[Black "Kolman, Richard"]
[Result "1-0"]
[WhiteElo "2088"]
[BlackElo "2025"]
[PlyCount "69"]
[EventDate "2017.10.28"]
[EventType "team-tourn"]
[EventRounds "11"]
[EventCountry "SVK"]
[SourceTitle "EXT 2019"]
[Source "ChessBase"]
[SourceDate "2018.10.10"]
[SourceVersion "1"]
[SourceVersionDate "2018.10.10"]
[SourceQuality "1"]
[WhiteTeam "Potonska Veza"]
[BlackTeam "Bratislava Slovan IV"]
[WhiteTeamCountry "SVK"]
[BlackTeamCountry "SVK"]

1. d4 d5 2. Nf3 Nf6 3. c4 dxc4 4. e3 Bg4 5. Bxc4 e6 6. Qb3 Bxf3 7. gxf3 c5 8. Qxb7 Nbd7 9. Nc3 cxd4 10. exd4 Rc8 11. Bb3 Bd6 12. Rg1 Kf8 13. f4 g6 14. f5 exf5 15. Bh6+ Kg8 16. 0-0-0 Qc7 17. Qf3 Bf8 18. Bxf8 Kxf8 19. Kb1 Qc6 20. Qf4 Kg7 21. Qxf5 Rhf8 22. h4 Nb6 23. d5 Qc5 24. h5 Nfd7 25. Qf4 Nc4 26. Rh1 Qd6 27. Qc1 Qf6 28. hxg6 fxg6 29. Qh6+ Kf7 30. Qxh7+ Qg7 31. Bxc4 Rxc4 32. Rde1 Rg8 33. d6 Kf8 34. Re7 Qxh7 35. Rhxh7 1-0

[Event "SVK-chT2A 1718"]
[Site "Slovakia"]
[Date "2017.10.28"]
[Round "1.7"]
[White "Cambel, Vladimir"]
[Black "Merva, Frantisek"]
[Result "1-0"]
[WhiteElo "1986"]
[BlackElo "2088"]
[PlyCount "61"]
[EventDate "2017.10.28"]
[EventType "team-tourn"]
[EventRounds "11"]
[EventCountry "SVK"]
[SourceTitle "EXT 2019"]
[Source "ChessBase"]
[SourceDate "2018.10.10"]
[SourceVersion "1"]
[SourceVersionDate "2018.10.10"]
[SourceQuality "1"]
[WhiteTeam "Bratislava Slovan V"]
[BlackTeam "Potonska Veza"]
[WhiteTeamCountry "SVK"]
[BlackTeamCountry "SVK"]

1. d4 Nf6 2. Bf4 d6 3. Nc3 Bf5 4. f3 h6 5. e4 Bh7 6. Qd2 c6 7. Bd3 Nbd7 8. Nge2 Qa5 9. a3 e6 10. b4 Qd8 11. g4 e5 12. Be3 Qc7 13. 0-0 Be7 14. Ng3 Rd8 15. Nf5 Bxf5 16. gxf5 Nh5 17. Ne2 exd4 18. Nxd4 Ne5 19. Be2 Nf6 20. c4 a6 21. Qc2 c5 22. Nb3 0-0 23. Rf2 cxb4 24. axb4 Rc8 25. Rc1 Rfe8 26. Rg2 Kh8 27. Qd2 Kh7 28. Kh1 Bf8 29. Bd4 Qd8 30. Qe3 Nh5 31. f4 1-0

[Event "SVK-chT3A2 1617"]
[Site "Slovakia"]
[Date "2017.03.19"]
[Round "11.2"]
[White "Merva, Frantisek"]
[Black "Hornak, Pavol"]
[Result "1-0"]
[WhiteElo "2100"]
[BlackElo "1780"]
[PlyCount "79"]
[EventDate "2016.10.16"]
[EventType "team-tourn"]
[EventRounds "11"]
[EventCountry "SVK"]
[SourceTitle "EXT 2020"]
[Source "ChessBase"]
[SourceDate "2019.10.17"]
[SourceVersion "1"]
[SourceVersionDate "2019.10.17"]
[SourceQuality "1"]
[WhiteTeam "Dunajska Streda II"]
[BlackTeam "Cifer"]
[WhiteTeamCountry "SVK"]
[BlackTeamCountry "SVK"]

1. d4 Nf6 2. Nf3 d5 3. c4 c6 4. Nc3 Bg4 5. Ne5 Be6 6. cxd5 Bxd5 7. Nxd5 Qxd5 8. e3 e6 9. a3 Nbd7 10. Nxd7 Nxd7 11. f3 e5 12. dxe5 Qxd1+ 13. Kxd1 Nxe5 14. Kc2 Be7 15. Be2 0-0 16. f4 Nd7 17. e4 f6 18. Rd1 Rfd8 19. Bf3 Kf8 20. g3 a6 21. Be3 Bc5 22. Bd2 Nb6 23. b3 Rd7 24. Ba5 Rad8 25. Rxd7 Rxd7 26. Re1 Na8 27. a4 Nc7 28. Bc3 Bd4 29. Rd1 c5 30. Bg4 Rd6 31. Rxd4 Rxd4 32. Bxd4 cxd4 33. Kd3 b6 34. Kxd4 a5 35. Be2 Ke7 36. Bc4 Kd6 37. g4 h6 38. h4 Kc6 39. e5 fxe5+ 40. Kxe5 1-0

[Event "SVK-chT3A2 1617"]
[Site "Slovakia"]
[Date "2017.03.05"]
[Round "10.5"]
[White "Merva, Frantisek"]
[Black "Chabada, Tomas1"]
[Result "1-0"]
[WhiteElo "2100"]
[BlackElo "1940"]
[PlyCount "79"]
[EventDate "2016.10.16"]
[EventType "team-tourn"]
[EventRounds "11"]
[EventCountry "SVK"]
[SourceTitle "EXT 2020"]
[Source "ChessBase"]
[SourceDate "2019.10.17"]
[SourceVersion "1"]
[SourceVersionDate "2019.10.17"]
[SourceQuality "1"]
[WhiteTeam "Dunajska Streda II"]
[BlackTeam "Holic"]
[WhiteTeamCountry "SVK"]
[BlackTeamCountry "SVK"]

1. d4 d5 2. c4 c6 3. Nc3 Nf6 4. Nf3 e6 5. e3 Nbd7 6. a3 Be7 7. Be2 0-0 8. 0-0 Ne4 9. Nd2 f5 10. f3 Nxc3 11. bxc3 f4 12. exf4 Rxf4 13. Re1 Rf8 14. Qc2 Bd6 15. Bd3 Bxh2+ 16. Kxh2 Qh4+ 17. Kg1 Qxe1+ 18. Nf1 Qh4 19. Be3 dxc4 20. Bxc4 Nb6 21. Bd3 Nd5 22. Bf2 Qh6 23. Bg3 Nf4 24. Be4 Bd7 25. Re1 Rae8 26. Ne3 e5 27. Qb3+ Kh8 28. Qxb7 exd4 29. cxd4 Rxe4 30. fxe4 Nd3 31. Qxd7 Nxe1 32. Nf5 Qg6 33. Bxe1 h6 34. d5 cxd5 35. Bc3 Rf7 36. Qxd5 Qb6+ 37. Bd4 Qb1+ 38. Kh2 Rb7 39. Ne7 Rb8 40. Qf7 1-0

[Event "SVK-chT3A2 1617"]
[Site "Slovakia"]
[Date "2017.02.05"]
[Round "8.4"]
[White "Nemsak, Denis"]
[Black "Merva, Frantisek"]
[Result "1-0"]
[WhiteElo "2013"]
[BlackElo "2100"]
[PlyCount "67"]
[EventDate "2016.10.16"]
[EventType "team-tourn"]
[EventRounds "11"]
[EventCountry "SVK"]
[SourceTitle "EXT 2020"]
[Source "ChessBase"]
[SourceDate "2019.10.17"]
[SourceVersion "1"]
[SourceVersionDate "2019.10.17"]
[SourceQuality "1"]
[WhiteTeam "Piestany Kupele"]
[BlackTeam "Dunajska Streda II"]
[WhiteTeamCountry "SVK"]
[BlackTeamCountry "SVK"]

1. f4 d5 2. Nf3 c6 3. b3 Nf6 4. Bb2 Bg4 5. e3 e6 6. Be2 Nbd7 7. 0-0 a5 8. a4 Qb6 9. Ne5 Bf5 10. Kh1 h5 11. c4 h4 12. Bd4 Qd8 13. d3 Bc5 14. Bxc5 Nxc5 15. h3 Qb6 16. Nd2 Ncd7 17. Nxd7 Nxd7 18. d4 Nf6 19. Rc1 Qb4 20. Re1 Kf8 21. Bf3 Rd8 22. Qe2 g6 23. cxd5 exd5 24. e4 dxe4 25. Nxe4 Bxe4 26. Bxe4 Re8 27. Qd3 Kg7 28. Re3 Nxe4 29. Rxe4 f5 30. Re5 Rd8 31. Rc4 Qa3 32. d5 Rxd5 33. Rxd5 cxd5 34. Qd4+ 1-0

[Event "SVK-chT3A2 1617"]
[Site "Slovakia"]
[Date "2017.01.22"]
[Round "7.4"]
[White "Veselsky, Jozef"]
[Black "Merva, Frantisek"]
[Result "1/2-1/2"]
[WhiteElo "2072"]
[BlackElo "2100"]
[PlyCount "36"]
[EventDate "2016.10.16"]
[EventType "team-tourn"]
[EventRounds "11"]
[EventCountry "SVK"]
[SourceTitle "EXT 2020"]
[Source "ChessBase"]
[SourceDate "2019.10.17"]
[SourceVersion "1"]
[SourceVersionDate "2019.10.17"]
[SourceQuality "1"]
[WhiteTeam "Potonska Veza II"]
[BlackTeam "Dunajska Streda II"]
[WhiteTeamCountry "SVK"]
[BlackTeamCountry "SVK"]

1. d4 d5 2. c4 c6 3. Nc3 Nf6 4. Nf3 e6 5. Bg5 h6 6. Bh4 g5 7. Bg3 dxc4 8. e4 b5 9. Be2 Nbd7 10. Ne5 Bb7 11. 0-0 a6 12. Bh5 Nxh5 13. Qxh5 Nxe5 14. Bxe5 Rg8 15. Rad1 Qe7 16. d5 cxd5 17. exd5 0-0-0 18. d6 Qd7 1/2-1/2